Chế độ ăn uống và luyện tập thích hợp cho bà mẹ mang thai
Sách cung cấp cho bạn đọc biết về cách chăm sóc thai nhi, dinh dưỡng cho bà mẹ khi mang thai và cách tập thể dục như thế nào để dễ dàng sinh em bé.
Sparad:
| Materialtyp: | Bok |
|---|---|
| Språk: | Undetermined |
| Publicerad: |
Hà Nội
Hải phòng
2007
|
| Ämnen: | |
| Taggar: |
Lägg till en tagg
Inga taggar, Lägg till första taggen!
|
| Thư viện lưu trữ: | Trung tâm Học liệu Trường Đại học Cần Thơ |
|---|
| LEADER | 00924nam a2200205Ia 4500 | ||
|---|---|---|---|
| 001 | CTU_128261 | ||
| 008 | 210402s9999 xx 000 0 und d | ||
| 020 | |c 12000 | ||
| 082 | |a 618.2 | ||
| 082 | |b Ch250 | ||
| 245 | 0 | |a Chế độ ăn uống và luyện tập thích hợp cho bà mẹ mang thai | |
| 245 | 0 | |c Lê Hà (biên soạn) | |
| 260 | |a Hà Nội | ||
| 260 | |b Hải phòng | ||
| 260 | |c 2007 | ||
| 520 | |a Sách cung cấp cho bạn đọc biết về cách chăm sóc thai nhi, dinh dưỡng cho bà mẹ khi mang thai và cách tập thể dục như thế nào để dễ dàng sinh em bé. | ||
| 650 | |a Obstetrics,Women,Exercuse for pregnat women,Phụ nữ,Sản khoa,Thể dục cho phụ nữ | ||
| 650 | |x Health and hygiene,Sức khoả và vệ sinh | ||
| 904 | |i Tuyến | ||
| 980 | |a Trung tâm Học liệu Trường Đại học Cần Thơ | ||